| 000 | 00716nam a2200229Ia 4500 | ||
|---|---|---|---|
| 003 | OSt | ||
| 005 | 20220210132037.0 | ||
| 008 | 210716s2010 xx 000 0 und d | ||
| 020 | _a9780070660205 | ||
| 040 | _cAIMIT LIBRARY | ||
| 041 | _aeng | ||
| 082 |
_a658.3 _25 _bASWK |
||
| 100 |
_aAswathappa, K. _918977 |
||
| 245 |
_aHuman resource management : _btext and cases / _cBy K Aswathappa. |
||
| 250 | _a5th ed. | ||
| 260 |
_aNew Delhi : _bTata McGraw Hill Publishing Company Ltd ; _c2010. |
||
| 300 |
_axxiii, 723p ; _c23cm. |
||
| 650 |
_aRecruiting human resources _918978 |
||
| 650 |
_aSelecting human resources _918979 |
||
| 650 |
_aManaging basic remuneration _918980 |
||
| 942 |
_2ddc _cBK _e5th _k658.3 ASWK |
||
| 999 |
_c202136 _d202136 |
||